LEADER 00644nam a2200193 i 4500 001 000000258474 003 CaOOAMICUS 005 20180514000000.0 008 180514s1835 it u000 u ita u 013 $a237382 040 $aSeMil$bita 245 10$aTomo 3. 300 $a446 p. ;$c21 cm. 773 0 $aVarese, Carlo <1793-1860>$tStoria della Repubblica di Genova.$dGenova : Tipografia d'Yves Gravier, 1835-1838.$g3$w()5501 850 $aSeMil 852 $aSeMil$W1$xVenegono$y1$m3V IV 113 FA$j208820$B208820$CSeMilBibl$Z2$F222516 $8I 941 1 $a10 961 $aRecupero: Mantegazza 996 $6245$aTomo 3$9(OLS)http://semarc/title/53129 LEADER 00942nam a2200217 i 4500 001 000000070656 003 CaOOAMICUS 005 20131120000000.0 008 131120s1883 xx u000 u fre u 013 $a41828 040 $aSeMil$bita 100 1 $aJanet, Paul <1823-1899>.$0(OLS)http://semarc/name/35193 245 10$aTraité élémentaire de philosophie a l'usage des classes :$bà l'usage des classes /$cpar Paul Janet. 250 $a3. éd., revue et corrigée. 260 $aParis :$bCh. Delagrave,$c1883. 300 $aVIII, 893 p. ;$c23 cm. 650 4$aFilosofia - Introduzioni.$0(OLS)http://semarc/subject/137 850 $aSeMil 852 $aSeMil$W1$xVenegono$y1$m2P III 37 FA$j36809$B36809$CSeMilBibl$Z2$F36812 $8I 996 $6245$aTraité élémentaire de philosophie a l'usage des classes :$bà l'usage des classes$9(OLS)http://semarc/title/113515 996 $6260$aParis :$bCh. Delagrave$9(OLS)http://semarc/publisher/38859